Les tribus indiennes aux Etats-Unis et au Canada - Statistiques

Statistiques générales
  • Ce quiz a été pris 238 fois
    154 depuis la dernière actualisation
  • Le résultat moyen est 6 sur 37
Statistiques - réponses
Initiale Tribu des % Correct
S Sioux
77%
A Apache
72%
I Iroquois
60%
C Cheyenne
57%
C Comanche
54%
H Huron
47%
N Navajo
37%
C Cherokee
33%
C Cree
33%
A Algonquin
26%
M Mohican
24%
S Séminole
16%
P Pueblo
15%
U Ute
15%
C Crow
12%
C Creek
11%
D Delaware
10%
M Micmac
10%
P Pied Noir
10%
S Shoshone
7%
K Kiowa
4%
O Osage
4%
O Ojibwé
3%
O Omaha
3%
C Chicacha
2%
O Outaouai
2%
S Salis
2%
Y Yaqui
2%
C Chacta
1%
H Houma
1%
C Colville
0%
L Lumbee
0%
M Menominee
0%
N Nimiipuu
0%
P Pima
0%
Q Quechan
0%
Y Yakama
0%
Aucun quiz correspondant
Distribution des résultats
% des personnes avec chaque résultat
Percentile par nombre de réponses
Votre historique - résultats
Vous n’avez pas pris ce quiz depuis la dernière actualisation